000 00698cam a2200253 4500
001 J92170
008 090401t1998 xxu||||| |||| 00| 0 eng d
035 _a(Sirsi) u86679
041 _aeng
050 _a333.33709421
110 _aSt Quintin
245 _aCentral London briefing: a quarterly update and commentary on Central London`s office markets. - Spring 1998 - Winter 1998/99
260 _aLondon
_bSt Quintin
_c1998
300 _a4 pt. ; 30cm.
350 _a0
650 _aCENTRAL LONDON
650 _aFLOORSPACE STATISTICS
650 _aINVESTMENT
650 _aLONDON
650 _aOFFICES
690 _aPROPERTY-COMMERCIAL PROPERTY
942 _n0
948 _c08/06/1998
999 _c97159
_d97159